000 00349nam a2200145 a 4500
008 980624s1964||||xx 0 und c
040 _aSNK
_bslo
_cSNK
_eAACR2
100 1 _aMaupassant, Guy de
245 1 0 _aMont-Oriol
260 _aBratislava
_bSlovenský spisovateľ
_c1964
300 _a258 s.
020 _c16
041 _aslo
044 _axo
_cSK
999 _c12238
_d12238